000 00724nam a2200205 i 4500
001 19692
003 ES-MaACL
005 20230906152141.0
007 t|
008 021008s1962 sp ||||1| spa d
100 1 _aAboal Amaro, José Alberto,
_918108
245 1 0 _aAmerigho Vespucci
_b: ensayo de bibliografía crítica /
_cpor José Alberto Aboal Amaro.
260 _aMadrid :
_bLibrería para bibliófilos,
_c1962 (
_fLanga y Cia)
300 _a149 p., 25 lám. ;
_c25 cm.
490 1 _aPublicaciones de la Biblioteca Colombina ;
_v3
600 0 4 _aVespucci, Amerigo.
_9114224
830 0 _aPublicaciones de la Biblioteca Colombina ;
_v3
_9226707
852 _aES-MaACL
_jC-21867
_bR.50677
999 _c19692
_d19692